| 000 | 00343 a2200145 4500 | ||
|---|---|---|---|
| 001 | 150838 | ||
| 040 | _cEscola São Tomás de Aquino | ||
| 100 | _aFIGUEIREDO, Vinícius | ||
| 240 | 1 | 0 |
_aO defeito invisível _lpor |
| 245 | 1 | 0 | _aO defeito invisível |
| 362 | 0 | _a1982 | |
| 440 | 1 | _aBerlendis & Vertichia | |
| 697 | _aPsicologia | ||
| 942 | _cBK | ||
| 999 |
_c150838 _d150838 |
||